[Verejné financie - praktikum]

Recenzia na publikáciu, ktorá rieši problematiku fungovania verejného sektoru v systéme národného hospodárstva a problematiku verejných financií. Publikácia pozostáva z 10 kapitol.

Enregistré dans:
Détails bibliographiques
Auteur principal: Kitová, Denisa, 1983-
Format: Chapitre de livre
Langue:slovaque
Sujets:
Tags: Ajouter un tag
Pas de tags, Soyez le premier à ajouter un tag!

MARC

LEADER 00000naa$a2200000$$$4500
001 0098849
005 20240502072105.5
041 0 |a slo 
044 |a SK 
245 1 0 |a [Verejné financie - praktikum]  |c Denisa Kitová 
520 |a Recenzia na publikáciu, ktorá rieši problematiku fungovania verejného sektoru v systéme národného hospodárstva a problematiku verejných financií. Publikácia pozostáva z 10 kapitol. 
610 2 0 |a recenzie 
610 2 0 |a financie verejné 
610 2 0 |a sektor verejný 
610 2 0 |a statky verejné 
100 1 |a Kitová, Denisa, 1983-